| Tag |
First Indicator |
Second Indicator |
Subfields |
| LEADER |
00000cam a2200000 i 4500 |
| 001 |
in00004350089 |
| 005 |
20210125122932.0 |
| 008 |
201202s18uu mx 000 0 spa d |
| 035 |
|
|
|a (OCoLC)on1225154681
|
| 035 |
|
|
|a (OCoLC)1225154681
|
| 040 |
|
|
|a TXA
|b eng
|e rda
|c TXA
|d UtOrBLW
|
| 043 |
|
|
|a n-mx---
|
| 049 |
|
|
|a TXAM
|
| 050 |
|
4 |
|a BX2170.T7
|b N68 1800z
|
| 245 |
0 |
1 |
|a [Novena a la Santísima Trinidad].
|
| 246 |
1 |
|
|i Text on page 5 begins:
|a Dios trino y uno
|
| 264 |
|
1 |
|a [Mexico?] :
|b [publisher not identified],
|c [18--?]
|
| 300 |
|
|
|a 28 [?] unnumbered pages ;
|c 10 cm
|
| 336 |
|
|
|a text
|b txt
|2 rdacontent
|
| 337 |
|
|
|a unmediated
|b n
|2 rdamedia
|
| 338 |
|
|
|a volume
|b nc
|2 rdacarrier
|
| 500 |
|
|
|a The Cushing Library/Colonial Mexican Imprint Collection copy imperfect: title page and pages 1-4 wanting.
|5 TXA
|
| 500 |
|
|
|a Title supplied by cataloger, based on content.
|
| 500 |
|
|
|a On page 27: Devoto trisagio a la Santissima Trinidad.
|
| 500 |
|
|
|a The Cushing Library/Colonial Mexican Imprint Collection copy is bound with: Trisagio sagrado para venerar a la santisima y augustisima Trinidad. [Toluca : M. C. Zuleta, 1850] -- Rosario a los siete derramamientos de la Preciosa Sangre de nuestro Señor Jesuchristo. [Mexico : Luis Abadiano y Valdes, 1844] -- Dia ocho del mes en que se hace dulce recuerdo de la Purisima Concepcion de Maria santisima. [Mexico : Imprenta de Abadiano, 1857] -- Triduo devoto de las tiernas necesidades que padecio Maria santisima. [Mexico : Luis Abadiano y Valdes, 1842] -- Novena de la santisima virgen Maria de Guadalupe. [Mexico : Tip. de M. Murguia, 1862] -- Novena del glorioso patriarca señor San Jose. [Mexico : Tip. de M. Murguia, 1862] -- Novena a honor y culto del dulcisimo misterio. [Mexico : Imprenta de Luis Abadiano y Valdes, 1840 ] -- Novena sagrada para implorar el patrocinio del santisimo patriarca San Joseph. [Mexico : Dona Maria Fernandez de Jauregui, 1810] -- Novena del gloriosisimo martir S. Juan Nepomuceno. [Mexico : Imprenta de M. Murguia, 1858] -- Triduo doloroso en obsequio y memoria de los tres originales rostros. [Mexico : Imprenta de Luis Abadiano y Valdes, 1846] -- Devocion para los miercoles jueves y viernes de la semana. [Mexico? : Oficina de M. Mariano Ontiveros, 1816] -- Iris americano. [Mexico : Casa de Arizpe, 1810] -- Novena de nuestra señora la santisima virgen Maria de los Dolores. [Mexico : Ciudadano Alejandro Valdes, 1828].
|5 TXA
|
| 536 |
|
|
|a This catalog record was made possible with a grant from the Council on Library and Information Resources (CLIR) Cataloging Hidden Special Collections and Archives program
|c 41100623
|
| 650 |
|
0 |
|a Trinity
|v Prayers and devotions.
|
| 650 |
|
0 |
|a Novenas.
|0 http://id.loc.gov/authorities/subjects/sh85092898
|
| 650 |
|
0 |
|a Miniature books
|v Specimens.
|0 http://id.loc.gov/authorities/subjects/sh85085644
|
| 655 |
|
7 |
|a Novenas
|z Mexico
|y 18th century.
|2 rbgenr
|
| 655 |
|
7 |
|a Miniature books (Printing)
|z Mexico
|y 18th century.
|2 rbpri
|
| 740 |
0 |
2 |
|a Devoto trisagio a la Santissima Trinidad.
|
| 752 |
|
|
|a Mexico :
|d Mexico City.
|
| 948 |
|
|
|a cataloged
|b h
|c 2020/12/2
|d o
|e fpiscitelli
|f 5:23:43 pm
|
| 994 |
|
|
|a C0
|b TXA
|
| 999 |
f |
f |
|s f9dabebd-8581-3fab-90f5-068f0d617a6c
|i a861820a-d4d4-3438-a4fc-ee10170d4904
|t 0
|
| 952 |
f |
f |
|p noncirc
|a Texas A&M University
|b College Station
|c Cushing Memorial Library & Archives
|d Cushing: Colonial Mexican Imprints (Does not check out)
|t 0
|e BX2170.T75 E84 1850
|h Library of Congress classification
|i unmediated -- volume
|m A14851979998
|
| 952 |
f |
f |
|a Texas A&M University
|b College Station
|c Cushing Memorial Library & Archives
|d Cushing: Colonial Mexican Imprints (Does not check out)
|t 0
|e BX2170.T75 E84 1850
|h Library of Congress classification
|
| 998 |
f |
f |
|a BX2170.T75 E84 1850
|t 0
|l Cushing: Colonial Mexican Imprints (Does not check out)
|